Don Juan d'Automne (Record no. 93079)

MARC details
000 -LEADER
campo de control de longitud fija 00570nam a2200169 i 4500
001 - NÚMERO DE CONTROL
campo de control 93079
003 - IDENTIFICADOR DE NÚMERO DE CONTROL
campo de control ES-MaACL
005 - FECHA Y HORA DE LA ÚLTIMA TRANSACCIÓN
campo de control 20230906181125.0
007 - CAMPO FIJO DE DESCRIPCIÓN FÍSICA--INFORMACIÓN GENERAL
campo de control de longitud fija t|
008 - DATOS DE LONGITUD FIJA--INFORMACIÓN GENERAL
campo de control de longitud fija 050407s1947 sp ||||1| fre d
100 1# - ENTRADA PRINCIPAL--NOMBRE DE PERSONA
Nombre de persona Loewenstein Lestrade, René.
9 (RLIN) 73112
245 10 - MENCIÓN DEL TÍTULO
Título Don Juan d'Automne
Resto del título : polyphonie dramatique en six episodes /
Mención de responsabilidad, etc. René Loewenstein Lestrade; [preface par Ernest Ribère].
260 ## - PUBLICACIÓN, DISTRIBUCIÓN, ETC.
Lugar de publicación, distribución, etc. Majorque :
Nombre del editor, distribuidor, etc. [s.n.],
Fecha de publicación, distribución, etc. 1947 (
Fabricante Imp. Mossén Alcover)
300 ## - DESCRIPCIÓN FÍSICA
Extensión 67 p. ;
Dimensiones 16 cm.
700 1# - ENTRADA AGREGADA--NOMBRE PERSONAL
Nombre de persona Ribère, Ernest.
9 (RLIN) 96798
852 ## - LOCALIZACIÓN
Ubicación ES-MaACL
Número de control de estantería 1871-F-17
Sublocalización o colección R.23968
Holdings
Estatus retirado Estado de pérdida Estado de daño No para préstamo Colección Biblioteca de origen Biblioteca actual Ubicación en estantería Fecha de adquisición Fuente de adquisición Total de préstamos Signatura topográfica completa Código de barras Visto por última vez Precio de reemplazo Tipo de ítem Koha
        Colección de folletos Biblioteca del Ateneo de Madrid Biblioteca del Ateneo de Madrid Depósito folletos 17/01/2008     1871-F-17 1097162 23/02/2023 23/02/2023 Folleto